Catálogo
 En Linea
Vista normal Vista MARC

Entrada Nombre geográfico

Número de registros utilizados en: 2

001 - NÚMERO DE CONTROL

  • campo de control: 79270

003 - IDENTIFICADOR DEL NÚMERO DE CONTROL

  • campo de control: DO-SdBNP

005 - FECHA Y HORA DE LA ÚLTIMA TRANSACCIÓN

  • campo de control: 20210716143244.0

008 - DATOS DE LONGITUD FIJA

  • campo de control de longitud fija: 210716|| aca||aabn | a|a d

040 ## - FUENTE DE LA CATALOGACIÓN

  • Centro catalogador/agencia de origen: DO-SdBNP
  • Centro/agencia transcriptor: DO-SdBNP

151 ## - ENCABEZAMIENTO--NOMBRE GEOGRÁFICO

  • Nombre geográfico: República Dominicana
  • Subdivisión general: Política y gobierno
  • Subdivisión cronológica: 2009-2010

670 ## - FUENTE DE DATOS ENCONTRADOS

  • Cita de la fuente: Work cat.: (DO-SdBNP)47778: República Dominicana Junta Central Electoral Escuela Nacional de Formación Electoral y del Estado Civil 75712, Memorias de la Escuela Nacional de Formación Electoral y del Estado Civil (EFEC) 2009-2010 /, 2010.

Con tecnología Koha